|
|
|
|
| LEADER |
00000nla2a2200000 4500 |
| 001 |
231178 |
| 005 |
20231031202707.0 |
| 035 |
|
|
|a (RuTPU)RU\TPU\book\252194
|
| 035 |
|
|
|a RU\TPU\book\252188
|
| 090 |
|
|
|a 231178
|
| 100 |
|
|
|a 20130130d2012 k y0rusy50 ca
|
| 101 |
0 |
|
|a rus
|
| 102 |
|
|
|a RU
|
| 105 |
|
|
|a y z 101zy
|
| 181 |
|
0 |
|a i
|
| 182 |
|
0 |
|a b
|
| 200 |
1 |
|
|a Адаптация студентов младших курсов к информационно-образовательной среде университета
|b Электронный ресурс
|f А. И. Заревич
|
| 203 |
|
|
|a Текст
|c электронный
|
| 225 |
1 |
|
|a Образовательные технологии и методы реализации интегративного подхода. Компетентность преподавателя
|
| 230 |
|
|
|a 1 компьютерный файл (pdf; 486 Кб)
|
| 300 |
|
|
|a Заглавие с экрана
|
| 320 |
|
|
|a [Библиогр.: с. 249 (3 назв.)]
|
| 337 |
|
|
|a Adobe Reader
|
| 463 |
|
1 |
|0 (RuTPU)RU\TPU\book\240708
|t Уровневая подготовка специалистов: государственные и международные стандарты инженерного образования
|o сборник трудов научно-методической конференции, 3-6 апреля 2012 г.
|f Национальный исследовательский Томский политехнический университет (ТПУ)
|v [С. 248-249]
|d 2012
|
| 610 |
1 |
|
|a труды учёных ТПУ
|
| 610 |
1 |
|
|a электронный ресурс
|
| 610 |
1 |
|
|a адаптация
|
| 610 |
1 |
|
|a информационно-образовательная среда
|
| 700 |
|
1 |
|a Заревич
|b А. И.
|c российский ученый, специалист в области компьютерных измерительных систем
|c доцент Томского политехнического университета, кандидат технических наук
|f 1977-
|g Антон Иванович
|2 stltpush
|3 (RuTPU)RU\TPU\pers\27983
|
| 801 |
|
2 |
|a RU
|b 63413507
|c 20130201
|g RCR
|
| 856 |
4 |
|
|u http://www.lib.tpu.ru/fulltext/c/2012/C09/111.pdf
|
| 942 |
|
|
|c CF
|